Statistical techniques in simulation. Pt 2 (Record no. 26558)

MARC details
000 -LEADER
fixed length control field 00351nam a2200121Ia 4500
082 ## - DEWEY DECIMAL CLASSIFICATION NUMBER
Classification number 519.2
Item number KLE
100 ## - MAIN ENTRY--AUTHOR NAME
Personal name Kleijnen, Jack P C
245 #0 - TITLE STATEMENT
Title Statistical techniques in simulation. Pt 2
260 ## - PUBLICATION, DISTRIBUTION, ETC. (IMPRINT)
Place of publication New York
Name of publisher Marcel Dekker
Year of publication 1975
490 ## - SERIES STATEMENT
Series statement Statistics: Textbooks and monographs V 9
942 ## - ADDED ENTRY ELEMENTS (KOHA)
Koha item type Books
Holdings
Withdrawn status Lost status Damaged status Not for loan Home library Current library Date acquired Cost, normal purchase price Full call number Accession Number Koha item type
        RRII Library RRII Library 16/12/2021 29.50 519.2 KLE 07191 Books